太鼓の達人 グリーンVer.段位道場 課題曲 - Statistics

General Stats
  • This quiz has been taken 8 times
  • The average score is 11 of 75
Answer Stats
段位 曲名 % Correct
達人3rd poxei♦DOON
86%
超人3rd 星屑ストラック(裏)
71%
十段2nd 千鼓千鼓
57%
十段3rd デッド・オア・ダイ
57%
名人3rd コネクトカラーズ
57%
超人1st プチポチ
57%
達人1st 疾風怒濤(裏)
57%
十段1st R.I.
57%
玄人3rd 気炎万丈神楽
43%
超人2nd 青天の黎明
43%
達人2nd 双竜ノ乱
43%
玄人2nd Doom Noiz
43%
初段3rd 太鼓のマーチ
29%
二段3rd 風雲!バチお先生
29%
名人1st 弩蚊怒夏
29%
名人2nd 愛と浄罪の森
29%
二段1st only my railgun
29%
八段2nd Sunset Runaway
29%
五段3rd The Magician's Dream
29%
初級1st 雑草
14%
初級2nd ミッション! 健・康・第・イチ
14%
初段2nd 雨とペトラ
14%
二段2nd カゲロウデイズ
14%
三段2nd ルカルカ★ナイトフィーバー
14%
四段1st シュガーソングとビターステップ
14%
七段3rd 夜櫻ブレヰダアズ
14%
玄人1st 重金属フューギティブ
14%
九段2nd Asteroid
14%
八段3rd dance storm(裏)
14%
七段2nd Night And Day
14%
三段3rd SAMURAI ROCKET
14%
八段1st STAGE 0.ac11
14%
初級3rd 残酷な天使のテーゼ
0%
十級3rd バイオレンストリガー
0%
九級1st
0%
九級2nd
0%
九級3rd ダンスロボットダンス
0%
八級2nd 色は匂えど散りぬるを
0%
八級3rd ヒバナ
0%
七級1st エイリアンエイリアン
0%
七級2nd 魔理沙は大変なものを盗んでいきました
0%
七級3rd あんずのうた
0%
六級1st 脳漿炸裂ガール
0%
六級3rd アスノヨゾラ哨戒班
0%
五級3rd ガラスを割れ!
0%
四級1st 残響
0%
四級3rd 太陽系デスコ
0%
三級1st シャルル
0%
三級3rd +♂(プラス男子)(裏)
0%
二級1st 泡沫、哀のまほろば
0%
二級2nd 前前前世
0%
一級1st チルノのパーフェクトさんすう教室
0%
一級2nd ロストワンの号哭
0%
一級3rd そつおめしき
0%
四段2nd 迅風丸
0%
四段3rd グレート!アニマルカイザー!!
0%
五段1st ナックルヘッズ
0%
六段2nd スポーツダイジェスドン(裏)
0%
六段3rd らいとにんぐ ぱっしょん(裏)
0%
九段1st 元祖!天才チルノちゃん☆
0%
九段3rd 初音ミクの消失 -劇場版-(裏)
0%
七段1st 時空庁時空1課
0%
六級2nd Bad Apple!! feat.nomico
0%
五級1st Candy Pop
0%
四級2nd チルノのパーフェクトさんすう教室 ⑨周年バージョン
0%
五段2nd 筋肉のような僕ら ~マッスル愛のテーマ~
0%
初段1st Grip & Break down !! -達人Edit.-
0%
十級2nd Lemon
0%
三級2nd LOSER
0%
五級2nd POP TEAM EPIC
0%
六段1st オパ!オパ!RACER -GMT mashup-
0%
三段1st 自分REST@RT
0%
二級3rd 最強鬼畜妹フランドール・S
0%
十級1st U.S.A.
0%
八級1st Youtubeテーマソング
0%
No matching quizzes found
Score Distribution
Percent of People with Each Score
Percentile by Number Answered
Your Score History
You have not taken this quiz